LEADER 01453nam a2200325 u 4500 001 000000017327 003 CaOOAMICUS 005 20070226110107.0 008 941220s1991 it u000 u ita u 020 $a8810405293 035 $a10405624 040 $aPUL(R)$bita 100 1 $aPattaro, Germano,$csac.,$d1925-1986.$0(OLS)http://pul/name/15611 245 13$aLa svolta antropologica :$bun momento forte della teologia contemporanea /$cGermano Pattaro ; a cura M. Cristina Bartolomei e Alberto Gallas. 260 $aBologna :$bEdizione Dehoniane,$c1991. 300 $a677 p. ;$c22 cm 490 1 $aNuovi saggi teologici ;$v29 504 $aBibliografia in nota. 650 4$aTeologia$xStoria$ySec. XX.$0(OLS)http://pul/subject/9804 700 1 $aGallas, Alberto.$0(OLS)http://pul/name/10787 700 1 $aBartolomei, Maria Cristina.$0(OLS)http://pul/name/15612 830 0$aNuovi saggi teologici ;$v29.$0(OLS)http://pul/title/131917 850 $aPUL 852 $aPUL$W1$xSL Religione 1$y3$m57 B 37$j24401$nBK-PRI$b $qStampati$B24401$CPULBib$Z2$F24401 $H $81 941 1 $a8 961 $aINV: 66514 983 0$aCollana Nuovi saggi teologici. 996 $6020$a8810405293$9(OLS)http://pul/number/22294 996 $6245$aLa svolta antropologica :$bun momento forte della teologia contemporanea$9(OLS)http://pul/title/24804 996 $6260$aBologna :$bEdizione Dehoniane$9(OLS)http://pul/publisher/55314 LEADER 01515nam a2200277 u 4500 001 000000114559 003 CaOOAMICUS 005 20090212163611.0 008 090212s2009 it u000 u ita r 040 $aPUL$bita$dLDB 245 03$aLe competenze manageriali :$bl'arte di comunicare e public speaking /$c[Alberto Fedel ... et al.]. 260 $aMilano :$bIl Sole 24 ore ;$aMilano :$bRaccolte del Corriere della Sera,$cc2009. 300 $a144 p. ;$c19 cm. +$eCD-Rom 490 1 $aNuovo Master 24. Gestione e strategia d'impresa ;$v01 500 $aEdizione speciale per Corriere della Sera e Il Sole 24 ore. 500 $aIn cofanetto. 650 4$aManagement.$0(OLS)http://pul/subject/25573 700 1 $aFedel, Alberto.$0(OLS)http://pul/name/70728 830 0$aNuovo Master 24. Gestione e strategia d'impresa,$x1974-9201 ;$v01.$0(OLS)http://pul/title/143953 850 $aPUL 852 $aPUL$W1$xDP2 Cons. Gen., Altre Classi 3$y97$m658. 1 COLL 1.1$j130949$qDDC 21$B129977$CPULBib$Z2$F129977 $H109571 $82 852 $aPUL$W1$xSL Cons. Gen., Altre Classi 3$y75$m658. 1 COLL 1.1CD$j130950$aCD-Rom$qDDC 21$B129978$CPULBib$Z2$F129978 $H109572 $82 941 1 $a9 996 $6245$aLe competenze manageriali :$bl'arte di comunicare e public speaking$9(OLS)http://pul/title/143954 996 $6260$aMilano :$bIl Sole 24 ore$9(OLS)http://pul/publisher/69212 996 $6260$aMilano :$bRaccolte del Corriere della Sera$9(OLS)http://pul/publisher/80131